Carles i Clementina : Àlbum de Carles Riba i Clementina Arderiu / Carles-Jordi Guardiola Àlbum de Carles Riba i Clementina Arderiu / Carles-Jordi Guardiola
Descripción Física:
306 p. ; 17 cm
MARC
| LEADER | 00000nam a2200000Ia 4500 | ||
|---|---|---|---|
| 001 | 10474 | ||
| 008 | 160829s1993 xx 000 0 cat d | ||
| 080 | |a L-1-132 | ||
| 100 | |a Guardiola, Carles-Jordi |9 32202 | ||
| 245 | |a Carles i Clementina : |b Àlbum de Carles Riba i Clementina Arderiu / Carles-Jordi Guardiola | ||
| 260 | |a Barcelona : |b Ed. de la Magrana, |c 1993 | ||
| 300 | |a 306 p. ; |c 17 cm | ||
| 590 | |a Tiratge especial de 300 exemplars reservat a la Diputació de Barcelona | ||
| 600 | 1 | 0 | |a Riba, Carles |d 1893-1959 |9 27494 |
| 650 | |a Arderiu, Clementina |9 32204 | ||
| 901 | |a Arxiu | ||
| 942 | |n 1 | ||
| 952 | |0 0 |1 0 |4 0 |6 L1132 |7 1 |9 45904 |a Arxiu |b Arxiu |d 2016-12-01 |l 0 |o L-1-132 |p 10474 |r 2016-12-01 00:00:00 |w 2016-12-01 |y ARXIU | ||
| 999 | |c 49405 |d 49405 | ||